[Event "Titled Tuesday intern op 21st May Early"]
[Site "Chess.com INT"]
[Date "2024.05.21"]
[Round "7"]
[White "Kovalev, Denis"]
[Black "Dumanuly, Sultanbeibarys"]
[Result "1/2-1/2"]
[WhiteElo "2487"]
[BlackElo "2123"]
[PlyCount "122"]
[EventDate "2024.05.21"]
[EventType "swiss (blitz)"]
[EventRounds "11"]
[EventCountry "USA"]
[SourceTitle "CB22_2024"]
[SourceDate "2024.05.29"]
[SourceVersion "1"]
[SourceVersionDate "2024.05.29"]
[SourceQuality "1"]

1. Nf3 d5 2. c4 c6 3. cxd5 cxd5 4. d4 Nc6 5. Nc3 Nf6 6. Bf4 e6 7. e3 Be7 8. h3 0-0 9. Bd3 Bd7 10. 0-0 Qa5 11. a3 Rfc8 12. Qe2 a6 13. Rfc1 Qd8 14. b4 Be8 15. Qd1 Bd6 16. Bxd6 Qxd6 17. Na4 Qd8 18. Nc5 Rc7 19. Rc3 Rac8 20. Rac1 Qe7 21. R1c2 g6 22. Qc1 Nd8 23. Ne5 Kg7 24. a4 h5 25. a5 Kh7 26. f4 Ng8 27. g4 hxg4 28. hxg4 Kg7 29. g5 f6 30. gxf6+ Nxf6 31. Rg2 Ne4 32. Bxe4 dxe4 33. Qb1 Bc6 34. Nxc6 Rxc6 35. Qxe4 Qf7 36. Rcc2 b6 37. axb6 Rxb6 38. Nxe6+ Rxe6 39. Qd5 Rxc2 40. Rxc2 Re8 41. Qxf7+ Nxf7 42. Kf2 Nd6 43. Rc6 Ne4+ 44. Kf3 Nd2+ 45. Ke2 Ne4 46. Rxa6 Nc3+ 47. Kd3 Nd5 48. Ra7+ Kf6 49. e4 Nxb4+ 50. Ke3 Nd5+ 51. Kf3 Nc3 52. Ra6+ Kf7 53. Ra7+ Re7 54. Rxe7+ Kxe7 55. d5 Nb5 56. Kg4 Nd4 57. f5 gxf5+ 58. exf5 Kf6 59. d6 Nxf5 60. d7 Ke7 61. Kxf5 Kxd7 1/2-1/2

[Event "Titled Tuesday intern op 21st May Early"]
[Site "Chess.com INT"]
[Date "2024.05.21"]
[Round "10"]
[White "Orozbaev, Eldiar"]
[Black "Dumanuly, Sultanbeibarys"]
[Result "1-0"]
[WhiteElo "2379"]
[BlackElo "2123"]
[PlyCount "63"]
[EventDate "2024.05.21"]
[EventType "swiss (blitz)"]
[EventRounds "11"]
[EventCountry "USA"]
[SourceTitle "CB22_2024"]
[SourceDate "2024.05.29"]
[SourceVersion "1"]
[SourceVersionDate "2024.05.29"]
[SourceQuality "1"]

1. e4 c5 2. Nf3 Nc6 3. Bb5 e5 4. 0-0 Bd6 5. Bxc6 dxc6 6. c3 Nf6 7. d4 cxd4 8. cxd4 Bg4 9. dxe5 Bxf3 10. Qxd6 Qxd6 11. exd6 Bxe4 12. Nc3 Bd5 13. Bg5 Kd7 14. Rad1 Kxd6 15. Rd3 Rad8 16. Rfd1 Kc7 17. Bxf6 gxf6 18. Nxd5+ Rxd5 19. Rxd5 cxd5 20. Rxd5 Re8 21. Kf1 Re6 22. Rh5 Rb6 23. Rxh7 Rxb2 24. Rxf7+ Kd6 25. h4 Ke6 26. Rg7 a6 27. h5 b5 28. g4 Rxa2 29. h6 b4 30. h7 b3 31. h8Q b2 32. Qg8+ 1-0

[Event "Wch U14"]
[Site "Montesilvano"]
[Date "2023.11.21"]
[Round "8"]
[White "Rustamov, Rustam"]
[Black "Dumanuly, Sultanbeibarys"]
[Result "1-0"]
[WhiteElo "2229"]
[BlackElo "1931"]
[PlyCount "71"]
[EventDate "2023.11.13"]
[EventType "swiss"]
[EventRounds "11"]
[EventCountry "ITA"]
[SourceTitle "CB48_2023"]
[SourceDate "2023.11.29"]
[SourceVersion "1"]
[SourceVersionDate "2023.11.29"]
[SourceQuality "1"]

1. e4 c5 2. Nf3 d6 3. d4 cxd4 4. Nxd4 Nf6 5. Nc3 Nc6 6. f3 e5 7. Nb3 Be7 8. Be3 Be6 9. Nd5 0-0 10. c4 Nd7 11. Qd2 a5 12. Nxe7+ Qxe7 13. Rd1 Rfd8 14. Be2 Nc5 15. 0-0 a4 16. Na1 h6 17. g4 f6 18. Nc2 Qf7 19. Na3 Rd7 20. Nb5 Rad8 21. Qc3 h5 22. h3 hxg4 23. hxg4 Qg6 24. Kf2 Bf7 25. Rh1 Ne6 26. Bd3 Kf8 27. Bc2 Ra8 28. Qa3 Kg8 29. Rh5 Ncd4 30. Nxd4 exd4 31. Bc1 Kf8 32. Bd3 Nc5 33. Rxc5 Qh7 34. Rh5 Bxh5 35. Rh1 Ra5 36. e5 1-0

[Event "Wch U14"]
[Site "Montesilvano"]
[Date "2023.11.18"]
[Round "6"]
[White "Sowinski, Pawel"]
[Black "Dumanuly, Sultanbeibarys"]
[Result "1-0"]
[WhiteElo "2347"]
[BlackElo "1931"]
[PlyCount "57"]
[EventDate "2023.11.13"]
[EventType "swiss"]
[EventRounds "11"]
[EventCountry "ITA"]
[SourceTitle "CB48_2023"]
[SourceDate "2023.11.29"]
[SourceVersion "1"]
[SourceVersionDate "2023.11.29"]
[SourceQuality "1"]

1. e4 c5 2. Nf3 Nc6 3. Bb5 d6 4. 0-0 Bd7 5. Re1 Nf6 6. c3 a6 7. Bf1 Bg4 8. d4 cxd4 9. cxd4 e5 10. Be3 Bxf3 11. gxf3 exd4 12. Bxd4 Be7 13. Nc3 0-0 14. f4 Qd7 15. Bg2 Nxd4 16. Qxd4 Qg4 17. Qe3 Rad8 18. Rad1 Rfe8 19. Qg3 Qh5 20. Bf3 Qc5 21. e5 dxe5 22. fxe5 Nd7 23. Nd5 Bf8 24. Bh5 g6 25. Bg4 Kh8 26. e6 fxe6 27. Nc7 Nf6 28. Nxe8 Rxe8 29. Rxe6 1-0

[Event "Asian Continental op 20th"]
[Site "Almaty"]
[Date "2023.06.10"]
[Round "8"]
[White "Wu, Bing Shen"]
[Black "Dumanuly, Sultanbeibarys"]
[Result "1-0"]
[WhiteElo "1802"]
[BlackElo "1736"]
[PlyCount "65"]
[EventDate "2023.06.04"]
[EventType "swiss"]
[EventRounds "9"]
[EventCountry "KAZ"]
[SourceTitle "CBM 214 Extra"]
[Source "ChessBase"]
[SourceDate "2023.07.31"]
[SourceVersion "1"]
[SourceVersionDate "2023.07.31"]
[SourceQuality "1"]

1. c4 e5 2. g3 Nf6 3. Bg2 d5 4. cxd5 Nxd5 5. Nc3 Nb6 6. e3 Nc6 7. Nge2 h5 8. d4 exd4 9. Nxd4 Nxd4 10. exd4 Bd6 11. 0-0 h4 12. Re1+ Kf8 13. Nb5 hxg3 14. fxg3 Be6 15. Rxe6 fxe6 16. Qg4 Qd7 17. Bg5 Kg8 18. Rd1 Re8 19. Nc3 Be7 20. Bf4 Bf6 21. Ne4 Nd5 22. Be5 Bxe5 23. dxe5 Qe7 24. Rxd5 Rh6 25. Nf6+ Rxf6 26. exf6 Qxf6 27. Rd2 Qh6 28. Qf4 Qxf4 29. gxf4 b6 30. Bc6 Rf8 31. Rd4 Rf6 32. b4 e5 33. Bd5+ 1-0

[Event "Asian Continental op 20th"]
[Site "Almaty"]
[Date "2023.06.06"]
[Round "4"]
[White "Askarov, Bakhtiyar"]
[Black "Dumanuly, Sultanbeibarys"]
[Result "1-0"]
[WhiteElo "2337"]
[BlackElo "1736"]
[PlyCount "81"]
[EventDate "2023.06.04"]
[EventType "swiss"]
[EventRounds "9"]
[EventCountry "KAZ"]
[SourceTitle "CBM 214 Extra"]
[Source "ChessBase"]
[SourceDate "2023.07.31"]
[SourceVersion "1"]
[SourceVersionDate "2023.07.31"]
[SourceQuality "1"]

1. c4 e5 2. Nc3 Nf6 3. Nf3 Nc6 4. g3 d5 5. cxd5 Nxd5 6. Bg2 Nde7 7. d3 g6 8. Bg5 Bg7 9. Ne4 f5 10. Nc3 Be6 11. Qa4 0-0 12. Qh4 Rf7 13. Bh6 Bxh6 14. Qxh6 Qf8 15. Qxf8+ Rfxf8 16. Ng5 Bf7 17. f4 Rad8 18. Rc1 exf4 19. gxf4 h6 20. Nxf7 Kxf7 21. h4 Nd4 22. e3 Ne6 23. Ke2 c6 24. b4 Rfe8 25. Kd2 Nc7 26. Rhg1 Ned5 27. Nxd5 Nxd5 28. Bxd5+ Rxd5 29. a3 a5 30. Rb1 Red8 31. d4 a4 32. Rbc1 Kf6 33. Kd3 R8d6 34. Rc2 Rd8 35. Rc5 R5d7 36. Rgc1 g5 37. hxg5+ hxg5 38. fxg5+ Kxg5 39. Rh1 Kg4 40. Rcc1 Kg3 41. Ke2 1-0

[Event "Asian Continental op 20th"]
[Site "Almaty"]
[Date "2023.06.06"]
[Round "3"]
[White "Dumanuly, Sultanbeibarys"]
[Black "Liu, Yeh Yang"]
[Result "1-0"]
[WhiteElo "1736"]
[BlackElo "2040"]
[PlyCount "105"]
[EventDate "2023.06.04"]
[EventType "swiss"]
[EventRounds "9"]
[EventCountry "KAZ"]
[SourceTitle "CBM 214 Extra"]
[Source "ChessBase"]
[SourceDate "2023.07.31"]
[SourceVersion "1"]
[SourceVersionDate "2023.07.31"]
[SourceQuality "1"]

1. e4 c5 2. Nf3 Nc6 3. d4 cxd4 4. Nxd4 Nf6 5. Nc3 d6 6. Bg5 e6 7. Bb5 Bd7 8. Qd3 Nxd4 9. Bxd7+ Qxd7 10. Qxd4 Be7 11. 0-0-0 Qc6 12. f4 Rc8 13. h4 0-0 14. g4 Rfd8 15. h5 e5 16. Qd3 exf4 17. Bxf4 d5 18. e5 d4 19. Nb5 Nd5 20. Bd2 Qb6 21. Nxd4 Bc5 22. Nf5 Ne3 23. Ne7+ Bxe7 24. Qxe3 Bc5 25. Qb3 Rd4 26. Qxb6 Bxb6 27. Bc3 Rxg4 28. Rd7 Be3+ 29. Kd1 b5 30. Ke2 Bc5 31. Kf3 Rg5 32. a3 a5 33. Rhd1 h6 34. Rd8+ Rxd8 35. Rxd8+ Kh7 36. Rd5 b4 37. Bd2 bxa3 38. Rxc5 axb2 39. Rb5 Rxe5 40. Rxb2 Rxh5 41. c4 Rh4 42. Rc2 a4 43. c5 a3 44. c6 a2 45. Rxa2 Rc4 46. Ra6 g5 47. Ba5 h5 48. c7 h4 49. Ra8 g4+ 50. Ke2 Rc2+ 51. Kd3 h3 52. Kxc2 h2 53. c8Q 1-0

[Event "Moscow Botvinnik Memorial Cup"]
[Site "Moscow"]
[Date "2022.08.20"]
[Round "4.1"]
[White "Dumanuly, Sultanbeibarys"]
[Black "Nikitenko, Mihail"]
[Result "0-1"]
[WhiteElo "1597"]
[BlackElo "2450"]
[PlyCount "116"]
[EventDate "2022.08.18"]
[EventType "team-tourn"]
[EventRounds "9"]
[EventCountry "RUS"]
[SourceTitle "CBM 209 Extra"]
[Source "ChessBase"]
[SourceDate "2022.09.30"]
[SourceVersion "1"]
[SourceVersionDate "2022.09.30"]
[SourceQuality "1"]
[WhiteTeam "Kazakhstan"]
[BlackTeam "Belarus"]
[WhiteTeamCountry "KAZ"]
[BlackTeamCountry "BLR"]

1. e4 e6 2. d4 d5 3. Nd2 c5 4. exd5 exd5 5. Ngf3 Nc6 6. Bb5 Qe7+ 7. Be2 Qc7 8. 0-0 cxd4 9. Nb3 Nf6 10. Nbxd4 a6 11. Re1 Be7 12. Bd3 0-0 13. Nf5 Bxf5 14. Bxf5 Rad8 15. c3 Rfe8 16. Bg5 Ne4 17. Bxe7 Rxe7 18. Nd4 Nf6 19. Rxe7 Qxe7 20. Bc2 Re8 21. h3 Na5 22. Bd3 g6 23. Qa4 Qc7 24. Nc2 Nc6 25. Ne3 h5 26. Re1 Qd6 27. Rd1 Re7 28. Qh4 Qe5 29. Re1 Qd6 30. Rd1 Re5 31. Qg3 Qe6 32. Re1 Ne4 33. Qh4 Nc5 34. Bc2 b5 35. b4 Nd7 36. Qg3 d4 37. Bb3 Qf6 38. cxd4 Nxd4 39. f4 Re8 40. Nd5 Rxe1+ 41. Qxe1 Qd6 42. Qe7 Qxe7 43. Nxe7+ Kg7 44. Nd5 Nf6 45. Nxf6 Kxf6 46. Kf2 h4 47. Ke3 Nxb3 48. axb3 Kf5 49. Kf3 f6 50. Ke3 g5 51. fxg5 fxg5 52. Kf3 g4+ 53. Ke3 gxh3 54. gxh3 Ke5 55. Kf3 Kd4 56. Kg4 Kc3 57. Kxh4 Kxb4 58. Kg5 a5 0-1

[Event "Kaspersky op U16"]
[Site "Tornelo INT"]
[Date "2021.04.02"]
[Round "11"]
[White "Zeliantsova, Kseniya"]
[Black "Dumanuly, Sultanbeibarys"]
[Result "1-0"]
[WhiteElo "2017"]
[BlackElo "1446"]
[PlyCount "111"]
[EventDate "2021.04.02"]
[EventType "swiss (blitz)"]
[EventRounds "11"]
[EventCountry "RUS"]
[SourceTitle "CBM 201 Extra"]
[Source "ChessBase"]
[SourceDate "2021.05.31"]
[SourceVersion "1"]
[SourceVersionDate "2021.05.31"]
[SourceQuality "1"]

1. e4 c5 2. Nf3 e6 3. c4 Nc6 4. Nc3 d6 5. Be2 Nf6 6. 0-0 Be7 7. d4 cxd4 8. Nxd4 Nxd4 9. Qxd4 a6 10. Be3 0-0 11. Rad1 Qc7 12. h3 Rb8 13. f4 b6 14. e5 dxe5 15. fxe5 Nd7 16. Kh1 Bc5 17. Qf4 Bxe3 18. Qxe3 Qxe5 19. Ne4 Bb7 20. Rxd7 Qxe4 21. Qxe4 Bxe4 22. Rfd1 Rbc8 23. b3 a5 24. Bd3 Bxd3 25. R1xd3 Rc6 26. Rb7 g6 27. Rdd7 Kg7 28. Kg1 Kf6 29. Kf2 e5 30. Ke3 Re6 31. Ke4 h6 32. a3 Kg7 33. b4 axb4 34. axb4 g5 35. g4 Kg6 36. b5 Rc8 37. Rxf7 Ree8 38. Rfc7 Rxc7 39. Rxc7 Kf6 40. Rc6+ Re6 41. Kd5 Rxc6 42. bxc6 Ke7 43. Kxe5 Kd8 44. Kd6 Kc8 45. c7 h5 46. gxh5 g4 47. hxg4 b5 48. cxb5 Kb7 49. Kd7 Ka7 50. c8Q Kb6 51. Qc6+ Ka7 52. b6+ Ka6 53. b7+ Ka7 54. Qb5 Kb8 55. h6 Ka7 56. b8Q# 1-0

[Event "Online Friendship U12"]
[Site "Tornelo INT"]
[Date "2020.11.21"]
[Round "1.1"]
[White "Samunenkov, Igor"]
[Black "Dumanuly, Sultanbeibarys"]
[Result "1-0"]
[WhiteElo "2122"]
[BlackElo "1286"]
[PlyCount "41"]
[EventDate "2020.11.21"]
[EventType "team-swiss"]
[EventRounds "7"]
[EventCountry "BLR"]
[SourceTitle "CBM 199 Extra"]
[Source "ChessBase"]
[SourceDate "2021.01.31"]
[SourceVersion "1"]
[SourceVersionDate "2021.01.31"]
[SourceQuality "1"]
[WhiteTeam "Ukraine"]
[BlackTeam "Kazakhstan"]
[WhiteTeamCountry "UKR"]
[BlackTeamCountry "KAZ"]

1. d4 Nf6 2. g3 g6 3. Bg2 Bg7 4. e4 d5 5. e5 Ng4 6. h3 Nh6 7. Nf3 c5 8. dxc5 Qa5+ 9. c3 Qxc5 10. 0-0 Nc6 11. g4 Ng8 12. Be3 Qb5 13. Na3 Qxb2 14. Qa4 a6 15. Rfb1 Qxc3 16. Nb5 axb5 17. Qxa8 Kd8 18. Rc1 Qb4 19. Rxc6 bxc6 20. Qxc6 Bd7 21. Bb6+ 1-0